EVERY YXW CPV Main Event - Statistics

General Stats
  • This quiz has been taken 5 times
  • The average score is 91 of 102
Answer Stats
Hint Answer % Correct
YXW Cruiserweight Championship Tournament | YXW Judgment Day S04 Angel Alexander
100%
YXW Extreme Rules S01 | YXW Lockdown S03 | YXW Unforgiven S01 Antho
100%
YXW Money In The Bank S01 Arrow
100%
YXW Backlash S03 | YXW Crash Course S04 | YXW Judgment Day S04 | +2 others Brendan X
100%
YXW Backlash S04 | YXW Extreme Rules S02 | YXW Summerslam S02 (Aztec Warfare Winner) | YXW Summerslam S04 Brett Storm
100%
YXW Summerslam S04 Bronco Harris
100%
YXW Summerslam S04 Casablanca
100%
YXW Night Of Champions S01 | YXW Royal Rumble S01 (Rumble Winner) | YXW St. Valentines Day Massacre S02 | +2 others Christian Styles
100%
YXW Extreme Rules S02 | YXW Fastlane S01 | YXW Madison Square Garden S01 | +4 others DoggyDog
100%
YXW Breakdown S04 | YXW Extreme Rules S01 | YXW Fully Loaded S02 | +7 others Johnny Extreme
100%
YXW Battleground S02 Lula
100%
YXW Feast Or Fire S02 | YXW Fully Loaded S02 | YXW Lockdown S03 | +3 others Mario Sanchez
100%
YXW Backlash S03 | YXW Fully Loaded S02 | YXW Night Of Champions S01 | +3 others Mart War
100%
YXW Extreme Rules S02 | YXW Extreme Rules S03 Max Mercury
100%
YXW Judgment Day S04 | YXW Money In The Bank S01 | YXW Summerslam S04 Mike House
100%
YXW Unforgiven S01 | YXW Versus S01 PJ Skillz
100%
YXW Breakdown S04 Reggie Killer
100%
YXW Extreme Rules S03 | YXW Hell In A Cell S03 | YXW Money In The Bank S03 | +2 others Sean Avery
100%
YXW Crash Course S04 TKE
100%
YXW Extreme Rules S04 | YXW Hell In A Cell S03 | YXW Redemption S03 | +2 others Vixx
100%
YXW Night Of Champions S01 | YXW Summerslam S03 Demon Spyke
75%
YXW Money In The Bank S03 | YXW Survivor Series S02 Ghostface
75%
YXW Backlash S04 Iconic Troy
75%
YXW Fastlane S01 | YXW Survivor Series S02 Jack Silva
75%
YXW Cruiserweight Championship Tournament Jake Navor
75%
YXW Night Of Champions S01 | YXW Summerslam S01 Joshie P
75%
YXW WrestleMania IV K2K
75%
YXW Survivor Series S02 Kevin Jones
75%
YXW Fully Loaded S02 | YXW WrestleMania 2 M-Core
75%
YXW Extreme Rules S04 MD Shockz
75%
YXW Survivor Series S02 Pedro Stafford
75%
YXW Battleground S02 | YXW Feast Or Fire S02 | YXW Lockdown S03 | +3 others Silvio
75%
YXW Summerslam S04 Takashi Nomo
75%
YXW Fastlane S01 Jayson
50%
YXW Money In The Bank S01 Jesse Newman
50%
YXW Fastlane S01 Saint T
50%
YXW TLC S01 The Guru Xa'Kel
50%
YXW Judgment Day S04 Jack Roberts
25%
YXW Money In The Bank S01 Jake Hunter
25%
YXW Survivor Series S02 Patrick Henry
25%
YXW Night Of Champions S01 Adam Neal
0%
No matching quizzes found
Score Distribution
Percent of People with Each Score
Percentile by Number Answered
Your Score History
You have not taken this quiz